[Event "SK Steinegg 1- Ridnaun "]
[Site "?"]
[Date "2014.11.29"]
[Round "3.5"]
[White "Gasteiger, Josef"]
[Black "Pichler, Martin"]
[Result "1/2-1/2"]
[WhiteElo "1329"]
[BlackElo "1657"]
[PlyCount "125"]
[EventDate "2014.??.??"]

1. c4 Nf6 2. Nc3 g6 3. e3 Bg7 4. Nge2 O-O 5. d4 d6 6. h3 e5 7. d5 Nbd7 8. Ng3
a5 9. e4 Ne8 10. Bd3 Qh4 11. Be3 Nc5 12. Qd2 Nxd3+ 13. Qxd3 f5 14. exf5 gxf5
15. Bd2 Rf7 16. O-O-O Nf6 17. a3 Bd7 18. b3 a4 19. b4 Re8 20. Rhf1 f4 21. Nge4
Nxe4 22. Nxe4 Bf5 23. f3 Rc8 24. Qe2 Qe7 25. Bc3 h6 26. Kb2 Bf8 27. Rg1 Kh8 28.
g3 fxg3 29. Rxg3 Qh4 30. Be1 Qf4 31. Bd2 Qh4 32. Rdg1 Bg7 33. Bc3 Rcf8 34. Qg2
Bxe4 35. Rxg7 Bh7 36. c5 Qc4 37. Rxf7 Qb3+ 38. Kc1 Qxc3+ 39. Kd1 Qa1+ 40. Kd2
Qa2+ 41. Ke1 Qxg2 42. Rxf8+ Kg7 43. Rxg2+ Kxf8 44. Kd2 Kf7 45. Kc3 Kf6 46. Rg3
Bg6 47. h4 Bf7 48. cxd6 cxd6 49. Kc4 Be8 50. Rg8 b5+ 51. Kc3 Bf7 52. Rb8 Bxd5
53. Kd3 Bc4+ 54. Ke3 Kf7 55. Rh8 Kg7 56. Rd8 d5 57. Re8 Kf6 58. Rh8 Kg6 59. Re8
Kf5 60. Rf8+ Kg6 61. Re8 Kf5 62. Rh8 Kg6 63. Re8 1/2-1/2

[Event "SC Naturns II-ASK Niederdorf"]
[Site "?"]
[Date "2014.11.29"]
[Round "3.4"]
[White "Christanell, Anton"]
[Black "Pallhuber, Manfred"]
[Result "1/2-1/2"]
[WhiteElo "1500"]
[BlackElo "1349"]
[PlyCount "33"]
[EventDate "2014.??.??"]

1. d4 {[%emt 0:00:00]} 1... d5 2. Nf3 Nc6 3. e3 Nf6 4. b3 g6 5. Bb2 Bg7 6. Bd3
O-O 7. O-O Re8 8. Nbd2 a6 9. a3 Bg4 10. h3 Bxf3 11. Nxf3 Nd7 12. b4 e5 13. dxe5
Ndxe5 14. Nxe5 Nxe5 15. Rb1 Nxd3 16. Qxd3 Bxb2 17. Rxb2 1/2-1/2

[Event "Ridnaun - Arci BZ II"]
[Site "RIDNAUN"]
[Date "2014.11.15"]
[Round "2.1"]
[White "Posar, Maurizio"]
[Black "Aigner, Helmut"]
[Result "0-1"]
[WhiteElo "1330"]
[BlackElo "1845"]
[PlyCount "68"]
[EventDate "2014.11.15"]

{441MB, Fritz 14.ctg, HOME-PC} 1. d4 {[%emt 0:00:00]} 1... Nf6 2. Nc3 d5 3. Bg5
e6 4. a3 c5 5. e3 h6 6. Bxf6 Qxf6 7. Nf3 Nc6 8. Bb5 Bd6 9. Bxc6+ bxc6 10. dxc5
Bxc5 11. O-O O-O 12. Rb1 e5 13. h3 Bd6 14. Nh2 Qg6 15. Kh1 Kh8 16. b4 Bb7 17.
Ne2 f5 18. f4 Ba6 19. Rf2 Rae8 20. Ng3 Qxg3 21. Rf3 Qg6 22. Qe2 exf4 23. Qf2
fxe3 24. Rxe3 Rxe3 25. Qxe3 Qg3 26. Nf3 Qf4 27. Qg1 Re8 28. Rd1 Re4 29. Rd4
Rxd4 30. Nxd4 Bb5 31. Nf3 a6 32. Qf2 Qc1+ 33. Ne1 f4 34. g3 Qe3 0-1

[Event "Groeden-Brixen/Milland"]
[Site "?"]
[Date "2014.12.13"]
[Round "4.1"]
[White "Sader, Michael"]
[Black "Moroder, Stephan"]
[Result "1/2-1/2"]
[WhiteElo "2176"]
[BlackElo "2146"]
[PlyCount "82"]
[EventDate "2014.??.??"]

{384MB} 1. c4 1... b6 2. Nc3 c5 3. e4 Nc6 4. f4 g6 5. Nf3 Bg7 6. d3 d6 7. h3 e6
8. Be3 Nd4 9. Bxd4 cxd4 10. Ne2 e5 11. g4 h5 12. g5 Ne7 13. Bg2 O-O 14. O-O Rb8
15. a4 a6 16. b4 b5 17. cxb5 axb5 18. a5 Be6 19. Qe1 Qd7 20. Qg3 exf4 21. Nxf4
d5 22. exd5 Nxd5 23. Nxd5 Bxd5 24. Nd2 Bxg2 25. Qxg2 Qe7 26. Ne4 Qxb4 27. a6
Kh8 28. Rfb1 Qe7 29. Ra5 Qa7 30. Qa2 b4 31. Qa4 Rfe8 32. Rxb4 Rxe4 33. dxe4 d3+
34. Kg2 Rc8 35. Rc4 Rxc4 36. Qxc4 Qe3 37. Rd5 Qe2+ 38. Kg3 Qe3+ 39. Kg2 Qe2+
40. Kg3 Qe1+ 41. Kg2 Qe2+ 1/2-1/2

[Event "Groeden-Brixen/Milland"]
[Site "?"]
[Date "2014.12.13"]
[Round "4.2"]
[White "Bernardi, Ruben"]
[Black "Kofler, Thomas"]
[Result "1-0"]
[WhiteElo "2035"]
[BlackElo "1969"]
[PlyCount "57"]
[EventDate "2014.??.??"]

{384MB} 1. e4 1... d6 2. d4 Nf6 3. Nc3 Nbd7 4. f4 e5 5. Nf3 exd4 6. Qxd4 Be7 7.
Be3 O-O 8. O-O-O c6 9. e5 dxe5 10. fxe5 Ne8 11. Bd3 g6 12. Bc4 Ng7 13. Bh6 Nc5
14. Qf2 Qc7 15. h4 Bg4 16. h5 gxh5 17. Rde1 b5 18. Bd3 a5 19. Nh4 Nxd3+ 20.
cxd3 Qd8 21. Bxg7 Bg5+ 22. Kc2 Kxg7 23. Nf5+ Kg8 24. Ne4 h6 25. Nf6+ Bxf6 26.
Nxh6+ Kg7 27. Nxg4 hxg4 28. exf6+ Kg6 29. Qf4 1-0

[Event "Groeden-Brixen/Milland"]
[Site "?"]
[Date "2014.12.13"]
[Round "4.3"]
[White "Kofler, Oswald"]
[Black "Moroder, Thomas"]
[Result "1/2-1/2"]
[WhiteElo "1823"]
[BlackElo "1914"]
[PlyCount "55"]
[EventDate "2014.??.??"]

{384MB} 1. c4 1... g6 2. Nc3 Bg7 3. Qc2 Nc6 4. Nf3 e5 5. a3 d6 6. b3 f5 7. d3
h6 8. Bb2 Nf6 9. e3 O-O 10. Be2 g5 11. h3 a5 12. Nd5 Be6 13. Nxf6+ Qxf6 14. d4
g4 15. d5 gxf3 16. gxf3 Bd7 17. dxc6 Bxc6 18. O-O-O Qh4 19. Rdf1 Kh8 20. Rh2 d5
21. f4 d4 22. fxe5 Bxe5 23. Bxd4 Bxd4 24. exd4 Qf4+ 25. Qd2 Qxh2 26. Qxh6+ Kg8
27. Qg6+ Kh8 28. Qh6+ 1/2-1/2

[Event "Groeden-Brixen/Milland"]
[Site "?"]
[Date "2014.12.13"]
[Round "4.4"]
[White "Scola, Matteo"]
[Black "Hellweg, Stephan"]
[Result "1/2-1/2"]
[WhiteElo "1775"]
[BlackElo "1706"]
[PlyCount "58"]
[EventDate "2014.??.??"]

{384MB} 1. d4 {[%emt 0:00:00]} 1... Nf6 2. c4 g6 3. g3 Bg7 4. Bg2 d6 5. Nc3
Nbd7 6. Nf3 O-O 7. e4 e5 8. d5 Nb6 9. Qe2 Nh5 10. a4 a5 11. Be3 Nd7 12. O-O
Ndf6 13. c5 Ng4 14. cxd6 cxd6 15. Bd2 Bd7 16. Rfc1 Qb6 17. h3 Nxg3 18. Qe1 Nh5
19. hxg4 Bxg4 20. Nb5 Nf4 21. Bxf4 exf4 22. Qd2 Bd7 23. Nfd4 Be5 24. Rc7 Rfd8
25. Rac1 g5 26. Nf3 Bf6 27. Nfd4 Be5 28. Nf3 Bf6 29. Nfd4 Be5 1/2-1/2

[Event "Groeden-Brixen/Milland"]
[Site "?"]
[Date "2014.12.13"]
[Round "4.5"]
[White "Piela, Jonas"]
[Black "Grossi, Christian"]
[Result "0-1"]
[WhiteElo "1679"]
[BlackElo "1728"]
[PlyCount "80"]
[EventDate "2014.??.??"]

{384MB} 1. c4 1... e5 2. Nc3 Nf6 3. g3 Bc5 4. Bg2 O-O 5. e3 c6 6. Qc2 d6 7.
Nge2 Bg4 8. O-O Nbd7 9. Re1 Re8 10. Rb1 a5 11. a3 Rc8 12. b4 Ba7 13. b5 d5 14.
bxc6 bxc6 15. Qa2 d4 16. Na4 d3 17. Nec3 e4 18. Rb7 Rc7 19. Rxc7 Qxc7 20. Bb2
Qd6 21. Rb1 Qe6 22. Ba1 Bf3 23. Bf1 Ne5 24. Rb7 Bb8 25. Nc5 Qxc4 26. Qxc4 Nxc4
27. Nb1 Bd6 28. Bd4 Bd1 29. Bg2 Bc2 30. Bxf6 Bxc5 31. Bc3 a4 32. Bh3 Bxb1 33.
Rxb1 Nxa3 34. Ra1 Rb8 35. Bf5 Rb1+ 36. Kg2 Rxa1 37. Bxa1 Nc2 38. Bc3 Bb4 39.
Bxe4 Bxc3 40. Bxd3 Ne1+ 0-1

[Event "Groeden-Brixen/Milland"]
[Site "runggaditsch"]
[Date "2014.12.13"]
[Round "4.6"]
[White "Kasslatter, Matthias"]
[Black "Pfeifhofer, Helmut"]
[Result "1/2-1/2"]
[WhiteElo "1321"]
[BlackElo "1542"]
[PlyCount "45"]
[EventDate "2014.??.??"]

{512MB, samsung} 1. e4 {[%emt 0:00:00]} 1... Nf6 2. e5 Nd5 3. d4 d6 4. Nf3 Bg4
5. Be2 e6 6. O-O dxe5 7. Nxe5 Bxe2 8. Qxe2 c6 9. c4 Nf6 10. Nf3 Bd6 11. Nc3 O-O
12. Bg5 Be7 13. Ne4 Nxe4 14. Bxe7 Qxe7 15. Qxe4 Nd7 16. Rad1 h6 17. d5 cxd5 18.
cxd5 Nf6 19. Qe2 Rfe8 20. Rfe1 Rad8 21. dxe6 Rxd1 22. Qxd1 fxe6 23. h3 1/2-1/2

[Event "Kaltern/Tramin1-Bruneck"]
[Site "?"]
[Date "2014.12.13"]
[Round "4.1"]
[White "Luciani, Valerio"]
[Black "Paltrinieri, Nicholas"]
[Result "0-1"]
[WhiteElo "2129"]
[BlackElo "2153"]
[PlyCount "32"]
[EventDate "2014.12.13"]

1. e4 e6 2. d4 d5 3. Nc3 Bb4 4. e5 c5 5. Bd2 Ne7 6. Nb5 Bxd2+ 7. Qxd2 O-O 8.
dxc5 Nd7 9. f4 Nxc5 10. Bd3 f6 11. exf6 Rxf6 12. g3 Qb6 13. O-O-O e5 14. fxe5
Rf2 15. Ne2 Nxd3+ 16. Qxd3 Bf5 0-1

[Event "Kaltern/Tramin1-Bruneck"]
[Site "?"]
[Date "2014.12.13"]
[Round "4.2"]
[White "Bertagnolli, Alexander"]
[Black "Moling, Patrick"]
[Result "1-0"]
[WhiteElo "2315"]
[BlackElo "2089"]
[PlyCount "133"]
[EventDate "2014.12.13"]

1. d4 Nf6 2. Bg5 Ne4 3. Bf4 c5 4. f3 Nf6 5. d5 g6 6. Nc3 d6 7. e4 Bg7 8. Bb5+
Nbd7 9. a4 a6 10. Bc4 Nb6 11. Be2 Rb8 12. Qd2 h6 13. g4 Nfd7 14. Bg3 Na8 15. f4
Nc7 16. Nf3 b5 17. axb5 Nxb5 18. Bxb5 axb5 19. f5 O-O 20. g5 h5 21. f6 Bh8 22.
e5 dxe5 23. Nxe5 Nxe5 24. Bxe5 Rb6 25. O-O exf6 26. gxf6 Bxf6 27. Bxf6 Rxf6 28.
Nxb5 c4 29. Nc3 Qb6+ 30. Kh1 Re8 31. Rxf6 Qxf6 32. Qg2 Re3 33. Rf1 Qe7 34. Qf2
Bh3 35. d6 Qb7+ 36. Kg1 Re5 37. Qd2 Bxf1 38. d7 Qb6+ 39. Kxf1 Qd8 40. Qd6 Re6
41. Qd4 Kf8 42. Nd5 f6 43. Nf4 Rb6 44. Qc5+ Kf7 45. Qxc4+ Ke7 46. Nd5+ Kxd7 47.
Nxb6+ Qxb6 48. b4 Qe6 49. Qd3+ Ke7 50. b5 Qg4 51. Qa3+ Ke6 52. Qb3+ Kd7 53.
Qd5+ Ke7 54. Qc5+ Kd7 55. Qd5+ Ke7 56. b6 Qf4+ 57. Ke2 Qxh2+ 58. Kd3 Qg3+ 59.
Kc4 h4 60. Qc5+ Kd7 61. Qb5+ Kd8 62. Qd5+ Ke7 63. Qb7+ Kd8 64. Qa8+ Kd7 65.
Qa7+ Kc6 66. b7 Qf4+ 67. Kb3 1-0

[Event "Kaltern/Tramin1-Bruneck"]
[Site "?"]
[Date "2014.12.13"]
[Round "4.3"]
[White "GlA ck, Alex"]
[Black "Panjkovic, Aleksandar"]
[Result "0-1"]
[WhiteElo "1953"]
[BlackElo "2112"]
[PlyCount "54"]
[EventDate "2014.12.13"]

1. d4 d6 2. e4 g6 3. Nc3 Bg7 4. Be3 a6 5. f4 b5 6. Be2 Bb7 7. Bf3 Nd7 8. e5
Bxf3 9. Qxf3 e6 10. exd6 cxd6 11. Nge2 Ne7 12. Ne4 Nb6 13. g4 Rc8 14. c3 Nbd5
15. Bd2 Qb6 16. N2g3 f6 17. f5 e5 18. g5 O-O 19. h4 exd4 20. h5 gxf5 21. Nxf5
fxg5 22. Nxe7+ Nxe7 23. Qg4 d5 24. h6 dxc3 25. Bxg5 cxb2 26. Rd1 dxe4 27. Bh4
Qe3+ 0-1

[Event "Kaltern/Tramin1-Bruneck"]
[Site "?"]
[Date "2014.12.13"]
[Round "4.4"]
[White "Waldner, Mirko"]
[Black "Oberhammer, Ignaz"]
[Result "1-0"]
[WhiteElo "1890"]
[BlackElo "1979"]
[PlyCount "49"]
[EventDate "2014.12.13"]

1. d4 Nf6 2. c4 g6 3. Nc3 Bg7 4. Nf3 O-O 5. Bf4 d6 6. e3 Nbd7 7. Be2 c5 8. O-O
a6 9. a3 h6 10. h3 Qc7 11. b4 b6 12. Na4 Bb7 13. Rb1 Rab8 14. bxc5 bxc5 15. d5
Ne4 16. Qc2 f5 17. Bd3 Ndf6 18. Nh4 Kh7 19. f3 Ng5 20. Nxg6 Nxh3+ 21. gxh3 Kxg6
22. Bxf5+ Kf7 23. Be6+ Ke8 24. Qg6+ Kd8 25. Qxg7 1-0

[Event "Kaltern/Tramin1-Bruneck"]
[Site "?"]
[Date "2014.12.13"]
[Round "4.5"]
[White "Peintner, Andreas"]
[Black "Bertagnolli, Gerhard"]
[Result "1-0"]
[WhiteElo "1878"]
[BlackElo "1904"]
[PlyCount "79"]
[EventDate "2014.12.13"]

1. d4 Nf6 2. c4 e6 3. Nc3 b6 4. Nf3 Bb7 5. e3 Be7 6. Bd3 d6 7. O-O Nbd7 8. e4
O-O 9. Re1 e5 10. d5 Bc8 11. Bc2 h6 12. Nd2 Nh7 13. Nf1 Bg5 14. Be3 g6 15. Ng3
Nc5 16. b4 Nb7 17. Qd2 a6 18. Rac1 f5 19. exf5 gxf5 20. f4 exf4 21. Bxf4 Rf7
22. Re2 Bd7 23. Rce1 Qf8 24. h4 Bxh4 25. Bxh6 Bxg3 26. Bxf8 Bxe1 27. Qxe1 Raxf8
28. Re7 Rxe7 29. Qxe7 Rf7 30. Qh4 Rg7 31. Ne2 Ng5 32. Kf2 Nd8 33. Ng3 Ndf7 34.
Nxf5 Bxf5 35. Bxf5 Ne5 36. Ke2 Kf7 37. Qf4 Ke7 38. c5 Ngf7 39. Qh4+ Ke8 40. Kf1
1-0

[Event "Kaltern/Tramin1-Bruneck"]
[Site "?"]
[Date "2014.12.13"]
[Round "4.6"]
[White "Dallaglio, Giovanni"]
[Black "Balzarini, Franco"]
[Result "0-1"]
[WhiteElo "1845"]
[BlackElo "1729"]
[PlyCount "88"]
[EventDate "2014.12.13"]

1. d4 Nf6 2. Nf3 e6 3. c4 Be7 4. Nc3 d5 5. Bg5 O-O 6. e3 b6 7. cxd5 Nxd5 8.
Bxe7 Qxe7 9. Nxd5 exd5 10. Bd3 Bg4 11. Qc2 Bxf3 12. gxf3 Qb4+ 13. Ke2 g6 14.
Rag1 Qd6 15. h4 Nc6 16. a3 Rae8 17. Kf1 Re6 18. h5 Ne7 19. f4 f5 20. b4 Ref6
21. Rg3 Kf7 22. hxg6+ hxg6 23. Rh7+ Ke6 24. Rg5 R8f7 25. Rh6 Qd7 26. e4 fxe4
27. Re5+ Kd6 28. a4 exd3 29. Qxd3 Rxf4 30. Rh2 Qxa4 31. Qh3 Qd1+ 32. Re1 Qg4
33. Qa3 Qf5 34. b5+ Kd7 35. Qg3 Rf3 36. Qg2 Qd3+ 37. Kg1 Qxd4 38. Qg5 Qf6 39.
Qg4+ Qf5 40. Qd4 Rf4 41. Qd2 Rg4+ 42. Kf1 Qg5 43. Qc3 Rg1+ 44. Ke2 Rxe1+ 0-1

[Event "SK Deutschnofen-Arci BZ II"]
[Site "?"]
[Date "2014.12.13"]
[Round "4.1"]
[White "Reina, Sandor"]
[Black "Micheli, Carlo"]
[Result "0-1"]
[WhiteElo "1941"]
[BlackElo "2241"]
[PlyCount "43"]
[EventDate "2014.??.??"]

{300MB, Fritz11.ctg, LUIS-0S4MH68WHM} 1. d4 {[%emt 0:00:00]} 1... d5 {
[%emt 0:00:00]} (1... d6 2. c4 e5 3. d5 f5 4. Nf3 Nf6 5. Nc3 Na6 6. Bg5 Be7 7.
Qd2 h6 8. Bxf6 Bxf6 9. e4 g5 10. exf5 g4 11. Ng1 Bxf5 12. Bd3 Bg5 13. Qe2 Qd7
14. Bxf5 Qxf5 15. Ne4 (15. h3 g3) 15... O-O-O 16. Nxg5 Qxg5 17. a3 Nc5 18. Qc2
e4 19. b4 Nd3+ 20. Ke2 Rhf8 21. Rf1 Rd7 22. Qa4 Rdf7 23. Qxa7 b6 24. Qa8+ Kd7
25. Qc6+ Kd8 26. f3 gxf3+ 27. gxf3 Qg2+) 2. c4 {[%emt 0:00:09]} 2... e6 {
[%emt 0:00:00]} 3. Nc3 {[%emt 0:00:10]} 3... Nf6 {[%emt 0:00:00]} 4. Bf4 {
[%emt 0:00:16]} 4... Be7 {[%emt 0:00: 00]} 5. e3 {[%emt 0:00:02]} 5... O-O {
[%emt 0:00:00]} 6. Be2 {[%emt 0:00:04]} 6... Nc6 {[%emt 0:00:15]} 7. Nf3 {
[%emt 0:00:04]} 7... Nh5 {[%emt 0:00:08]} 8. Bg3 {[%emt 0: 00:06]} 8... a6 {
[%emt 0:00:15]} 9. O-O {[%emt 0:00:05]} 9... Nxg3 {[%emt 0:00:15]} 10. fxg3 {
[%emt 0:00:05]} 10... g6 {[%emt 0:00:08]} 11. e4 {[%emt 0:00:07]} 11... dxe4 {
[%emt 0:00:09]} 12. Nxe4 {[%emt 0:00:03]} 12... f5 {[%emt 0:00:07]} 13. Nc3 {
[%emt 0:00:43]} 13... Nxd4 {[%emt 0:00:08]} 14. Kh1 {[%emt 0:00:45]} 14... c5 {
[%emt 0:00:09]} 15. Re1 {[%emt 0:00:33]} 15... Qd6 {[%emt 0:00:09]} 16. Bf1 {
[%emt 0:00:11]} 16... Bd7 {[%emt 0:00: 06]} 17. Ne5 {[%emt 0:00:14]} 17... Be8
{[%emt 0:00:08]} 18. Qc1 {[%emt 0:01:44]} 18... Bf6 {[%emt 0:00:10]} 19. Qf4 {
[%emt 0:00:10]} 19... g5 {[%emt 0:00:03]} 20. Qe3 {[%emt 0: 00:08]} 20... Nc2 {
[%emt 0:00:00]} 21. Nf7 {[%emt 0:01:32]} 21... Rxf7 {[%emt 0:00:02]} 22. Qf2
0-1

[Event "SC Ridnaun-SC Taufers"]
[Site "?"]
[Date "2014.12.13"]
[Round "4.1"]
[White "Forer, Erich"]
[Black "Aigner, Helmut"]
[Result "0-1"]
[WhiteElo "1845"]
[BlackElo "1826"]
[PlyCount "88"]

1. d4 Nf6 2. Nf3 c5 3. e3 e6 4. Nbd2 d5 5. c3 Nc6 6. Bd3 Bd6 7. O-O O-O 8. Re1
Bd7 9. dxc5 Bxc5 10. b4 Bd6 11. Bb2 Rc8 12. h3 Qe7 13. a3 Ne5 14. Bf1 Rfd8 15.
Nd4 Bb8 16. Qb3 Qd6 17. f4 Ng6 18. c4 dxc4 19. Bxc4 Qe7 20. Rad1 e5 21. N4f3 e4
22. Ng5 Be8 23. Bxf6 gxf6 24. Ngxe4 b5 25. Bd5 f5 26. Ng5 h6 27. Ngf3 Qf6 28.
Nb1 Nh4 29. Nxh4 Qxh4 30. Bf3 Qg3 31. Nc3 Rxd1 32. Qxd1 Rxc3 33. Qa1 Rc8 34.
Rd1 Qg7 35. Qb1 Qf6 36. Rd5 Qc3 37. Qxf5 Qxe3+ 38. Kh2 Qxf4+ 39. Qxf4 Bxf4+ 40.
g3 Bc1 41. Rd3 Kg7 42. Kg1 Bb2 43. Kf2 Rc2+ 44. Be2 Bc6 0-1

[Event "ASK Niederdorf-SC Lana"]
[Site "?"]
[Date "2014.12.13"]
[Round "4.1"]
[White "HAPlzl, Matthias"]
[Black "Caldara, Sisto"]
[Result "0-1"]
[WhiteElo "1779"]
[BlackElo "1820"]
[PlyCount "62"]

{D05: Damenbauernspiele (Colle-Aufbau)} 1. e4 {[%emt 0:00:00]} 1... c5 {
[%emt 0:00: 00]} 2. f4 {[%emt 0:00:00]} 2... e6 {[%emt 0:00:00]} 3. Nf3 {
[%emt 0:00:00]} 3... a6 {[%emt 0:00:00]} 4. a4 {[%emt 0:00:00]} 4... Nc6 {
[%eval 29,14] [%emt 0:00:07]} 5. Bc4 {[%emt 0:00:06] (Le2)} 5... d5 {
[%eval -72,17] [%emt 0:00:09]} 6. exd5 {[%emt 0: 00:11]} 6... exd5 {
[%eval -78,18] [%emt 0:00:01]} 7. Be2 {[%emt 0:00:09] (La2)} 7... Nf6 {
[%emt 0:00:00]} 8. O-O {[%emt 0:00:00]} 8... Bd6 {
[%eval -149,17] [%emt 0:00:06]} 9. d3 {[%emt 0:00:12] (d4)} 9... Qc7 {
[%emt 0:00:00]} 10. Qd2 {[%emt 0:00:00]} 10... O-O {
[%eval -180,16] [%emt 0:00:12]} 11. Nh4 {[%emt 0:00:20] (Sc3)} 11... Re8 {
[%eval -225,16] [%emt 0:00:13]} 12. Bf3 {[%eval -217,15] [%emt 0:00:12]} 12...
Qe7 {[%emt 0: 00:22] (Sd4)} 13. g3 {[%emt 0:00:00]} 13... Bh3 {
[%eval -202,14] [%emt 0:00:13]} 14. Bg2 {[%emt 0:00:07]} 14... Bxg2 {
[%eval -199,15] [%emt 0:00:01]} 15. Nxg2 {[%emt 0: 00:08] (Dxg2)} 15... Nd4 {
[%emt 0:00:00]} 16. Nc3 {[%emt 0:00:00]} 16... Rad8 {[%emt 0:00: 00]} 17. Qd1 {
[%eval -167,13] [%emt 0:00:07]} 17... Qd7 {[%emt 0:00:04]} 18. Ne3 {
[%eval -178,14] [%emt 0:00:04]} 18... Bc7 {[%emt 0:00:12] (Te7)} 19. Re1 {
[%emt 0:00: 00]} 19... Qh3 {[%emt 0:00:00]} 20. Rf1 {[%emt 0:00:00]} 20... Nc6
{[%eval -339,16] [%emt 0:00:03]} 21. Re1 {[%emt 0:00:02] (Df3)} 21... d4 {
[%eval -432,3] [%emt 0:00:11]} 22. Ned5 {[%emt 0:00:24] (Sc4)} 22... Rxe1+ {
[%emt 0:00:00]} 23. Qxe1 {[%eval -476,18] [%emt 0:00:05]} 23... Ba5 {
[%emt 0:00:13] (Sg4)} 24. b4 {[%emt 0:00:00]} 24... Ng4 {
[%eval -540,13] [%emt 0:00:02]} 25. Qe2 {[%emt 0:00:34]} 25... dxc3 {
[%eval -580,22] [%emt 0:00:00]} 26. bxa5 {[%eval -597,17] [%emt 0:00:07]} 26...
Nd4 {[%emt 0:00:11]} 27. Ne7+ {[%emt 0:00:00]} 27... Kf8 {
[%eval -642,17] [%emt 0:00:03]} 28. Qg2 {[%emt 0:00: 13]} 28... Qxg2+ {
[%eval -640,19] [%emt 0:00:01]} 29. Kxg2 {[%emt 0:00:19]} 29... Kxe7 {
[%emt 0:00:00]} 30. Ba3 {[%emt 0:00:00]} 30... Rc8 {[%emt 0:00:00]} 31. Rc1 {
[%emt 0: 00:00]} 31... Ne3+ {[%eval -983,7] [%emt 0:00:02]} 0-1

[Event "Merania - Naturns II"]
[Site "?"]
[Date "2014.12.13"]
[Round "4.5"]
[White "ZAPschg, Herbert"]
[Black "Mucci, Angelo"]
[Result "1/2-1/2"]
[WhiteElo "1534"]
[BlackElo "1525"]
[PlyCount "132"]
[SourceDate "2014.12.17"]

1. d4 Nf6 2. Bf4 d6 3. e3 g6 4. c3 Bg7 5. Nd2 Nbd7 6. h3 O-O 7. Ngf3 b6 8. Be2
Bb7 9. O-O Ne4 10. Nxe4 Bxe4 11. Bd3 Bb7 12. Bh2 e5 13. dxe5 Nxe5 14. Bxe5 dxe5
15. e4 Qe7 16. Qc2 Rad8 17. Rfe1 Rd6 18. Rad1 Rfd8 19. Be2 Bc8 20. Rxd6 Rxd6
21. Rd1 Bb7 22. Rxd6 Qxd6 23. Qd3 Qxd3 24. Bxd3 a6 25. Ne1 Bh6 26. c4 c5 27.
Kf1 Kf8 28. Ke2 Ke7 29. Nc2 Ke6 30. b4 f5 31. f3 f4 32. bxc5 bxc5 33. Na1 Kd6
34. Bc2 Bf8 35. Ba4 Be7 36. Kd3 Bd8 37. Nb3 g5 38. Be8 Bb6 39. Bf7 Bc8 40. Bh5
Bd7 41. Bg4 Be8 42. Bc8 a5 43. Bb7 Kc7 44. Bd5 Kd6 45. Nc1 Bd7 46. Bb7 h5 47.
Ne2 g4 48. hxg4 hxg4 49. Nc3 gxf3 50. gxf3 Bd8 51. Ba6 Bb6 52. Bb5 Bh3 53. Ke2
Be6 54. Kf2 Bd8 55. Ke2 Bc8 56. Be8 Ba6 57. Bf7 Ke7 58. Bg8 Kd6 59. Bd5 Bc7 60.
Nb5+ Bxb5 61. cxb5 Ke7 62. Kf1 Kd6 63. Ke2 Bb6 64. Kd3 Kc7 65. Kc4 Kd6 66. Bg8
Bc7 1/2-1/2

[Event "SG Kaltern/Tramin 2 - SK Steinegg"]
[Site "?"]
[Date "2014.12.13"]
[Round "4.3"]
[White "Engl, Alexander"]
[Black "Unterkofler, Alex"]
[Result "1-0"]
[WhiteElo "1710"]
[BlackElo "1767"]
[PlyCount "87"]
[EventDate "2014.??.??"]

1. e4 c6 2. d4 d5 3. exd5 cxd5 4. Bd3 Nc6 5. c3 Nf6 6. Nf3 Bg4 7. O-O e6 8. Bf4
Be7 9. Nbd2 O-O 10. Qb3 Na5 11. Qc2 Rc8 12. Rac1 Nc4 13. Ne5 Nxd2 14. Qxd2 Bh5
15. Rfe1 Ne4 16. Bxe4 dxe4 17. Qc2 f6 18. Qxe4 fxe5 19. Bxe5 Qd5 20. Qxd5 exd5
21. Bxg7 Rf7 22. Re5 Rxg7 23. Rxh5 Rg5 24. Rxg5+ Bxg5 25. Re1 Kf7 26. f4 Bf6
27. Kf2 b5 28. a3 a5 29. Re3 b4 30. axb4 axb4 31. Rh3 bxc3 32. bxc3 Rxc3 33.
Rxc3 Bxd4+ 34. Re3 Kf6 35. Kf3 Bxe3 36. Kxe3 Kf5 37. g3 h5 38. Kd4 Ke6 39. h3
Kf5 40. Kxd5 h4 41. g4+ Kxf4 42. Ke6 Kg5 43. Ke5 Kh6 44. Kf5 1-0

[Event "SG Kaltern/Tramin 2 - SK Steinegg"]
[Site "?"]
[Date "2014.12.13"]
[Round "4.1"]
[White "Engl, Stefan"]
[Black "Dibiasi, Rainer"]
[Result "0-1"]
[WhiteElo "1908"]
[BlackElo "1790"]
[PlyCount "114"]
[EventDate "2014.??.??"]

1. e4 e5 2. Nf3 Nf6 3. Nxe5 d6 4. Nf3 Nxe4 5. Nc3 Nxc3 6. dxc3 Be7 7. Bd3 O-O
8. Nd4 Bf6 9. O-O Bxd4 10. cxd4 Nc6 11. c3 d5 12. Qh5 g6 13. Qf3 Be6 14. Bh6
Re8 15. Qg3 Rc8 16. f4 f5 17. Bg5 Qd7 18. Bb5 Qf7 19. Bxc6 bxc6 20. Rfe1 Bd7
21. Re5 Rxe5 22. fxe5 Be6 23. b4 Ra8 24. Rb1 Qf8 25. Qh4 h5 26. Be7 Qf7 27. Rb3
Kh7 28. Ra3 a6 29. Ra5 Bc8 30. Bg5 Bb7 31. Qf4 Rf8 32. g3 Qe6 33. Qe3 Re8 34.
Qe2 Kg8 35. a4 Kh7 36. Rxa6 Bxa6 37. Qxa6 f4 38. Bxf4 Qg4 39. Qd3 Rf8 40. Kh1
Qh3 41. Kg1 Rxf4 42. a5 Re4 43. Qd2 Qg4 44. Kf2 h4 45. a6 h3 46. Qd3 Qf5+ 47.
Qf3 Qxf3+ 48. Kxf3 Re1 49. Kg4 Ra1 50. Kxh3 Rxa6 51. Kg4 Ra3 52. Kg5 Kg7 53. h4
Rxc3 54. g4 Rc4 55. h5 gxh5 56. gxh5 Rxd4 57. h6+ Kh7 0-1

[Event "SG Kaltern/Tramin 2- SK Steinegg"]
[Site "?"]
[Date "2014.12.13"]
[Round "4.2"]
[White "Thaler, Elmar"]
[Black "Resch, Aaron"]
[Result "1/2-1/2"]
[WhiteElo "1795"]
[BlackElo "1782"]
[PlyCount "111"]
[EventDate "2014.??.??"]

1. d4 b6 2. c4 Bb7 3. Nf3 g6 4. Nc3 Bg7 5. e4 d6 6. Bd3 Nd7 7. O-O e6 8. Bg5
Ne7 9. Be2 h6 10. Bh4 O-O 11. Re1 Qe8 12. Nb5 Qd8 13. Bxe7 Qxe7 14. Nxc7 Rac8
15. Nb5 a6 16. Na3 Rfd8 17. Bd3 Rc7 18. Nc2 Rdc8 19. Qd2 Kh7 20. Ne3 Nf6 21.
Rac1 Nxe4 22. Qb4 Ng5 23. Nxg5+ Qxg5 24. Qxd6 Rc6 25. Qg3 Bxd4 26. Rcd1 Qxg3
27. hxg3 Bxb2 28. Re2 Bg7 29. Ng4 R6c7 30. Ne5 Bxe5 31. Rxe5 Rc5 32. Rxc5 Rxc5
33. Rb1 Rc6 34. c5 Rxc5 35. Rxb6 Bd5 36. Rxa6 Bc4 37. Bxc4 Rxc4 38. Kf1 Rc2 39.
g4 g5 40. a4 Kg6 41. f3 Ra2 42. a5 Kf6 43. Ra7 Kg6 44. a6 Kf6 45. Ra8 Ke5 46.
Rf8 f6 47. Ra8 Kf4 48. Rh8 Rxa6 49. Rxh6 Ke3 50. Kg1 Kf4 51. Rxf6+ Kg3 52. Kf1
Ra1+ 53. Ke2 Kxg2 54. f4 Ra5 55. fxg5 Rxg5 56. Rxe6 1/2-1/2

[Event "SG Kaltern/Tramin 2 - SK Steinegg"]
[Site "?"]
[Date "2014.12.13"]
[Round "4.4"]
[White "Leimgruber, Erich"]
[Black "Lantschner, Carmen"]
[Result "1-0"]
[WhiteElo "1613"]
[BlackElo "1699"]
[PlyCount "83"]
[EventDate "2014.??.??"]

1. e4 d6 2. d4 g6 3. Nf3 Bg7 4. Be2 Nd7 5. O-O e6 6. c4 b6 7. Nc3 Bb7 8. Qc2 a6
9. Bg5 Ne7 10. Rad1 h6 11. Be3 O-O 12. e5 Nf5 13. Bc1 dxe5 14. Nxe5 Nxe5 15.
dxe5 Qh4 16. f4 Rad8 17. Bd3 Nd4 18. Qf2 Qxf2+ 19. Kxf2 Rd7 20. Be3 Rfd8 21.
Rfe1 Bf8 22. Be4 Bxe4 23. Nxe4 Be7 24. Rd2 Nf5 25. Red1 Rxd2+ 26. Rxd2 Nxe3 27.
Rxd8+ Bxd8 28. Kxe3 Kg7 29. Kd4 f5 30. exf6+ Bxf6+ 31. Nxf6 Kxf6 32. g4 h5 33.
h3 h4 34. b4 c6 35. a4 Kf7 36. Ke5 Ke7 37. g5 b5 38. cxb5 axb5 39. a5 Kd7 40.
a6 Kc7 41. a7 Kb7 42. Kd6 1-0